[Event "Bundesliga 2022-23"]
[Site "Weyhe GER"]
[Date "2022.10.23"]
[Round "2.8"]
[Board "7"]
[White "Babula, Vlastimil"]
[Black "Handke, Florian"]
[Result "0-1"]
[WhiteTitle "GM"]
[BlackTitle "GM"]
[WhiteElo "2574"]
[BlackElo "2526"]
[WhiteTeam "SV Werder Bremen"]
[BlackTeam "SG Solingen"]
[WhiteFideId "301264"]
[BlackFideId "4634527"]
[EventDate "2022.10.22"]

1. d4 Nf6 2. c4 g6 3. Nc3 d5 4. cxd5 Nxd5 5. Bd2 c5 6. dxc5 Bg7 7. Qb3 Be6 8.
Qxb7 O-O 9. e4 Nxc3 10. Bxc3 Bxc3+ 11. bxc3 Nd7 12. c6 Nc5 13. Qb4 Qd6 14. Nf3
Rab8 15. Qd4 Qxc6 16. Be2 Rb2 17. Nd2 Qb6 18. Qe3 Rd8 19. Nb3 Bxb3 20. axb3 Rdd2
21. Bc4 Nd3+ 22. Bxd3 Qxe3+ 23. fxe3 Rxd3 24. Rxa7 Rxe3+ 25. Kd1 Rxe4 26. Kc1
Ree2 27. Rxe7 Rec2+ 28. Kd1 Rxg2 29. Kc1 Ra2 30. Kb1 Rgb2+ 31. Kc1 Rxb3 32. Rf1
Ra1+ 33. Kc2 Rxc3+ 0-1

[Event "Bundesliga 2022-23"]
[Site "Dresden GER"]
[Date "2022.11.25"]
[Round "7.2"]
[Board "1"]
[White "Schroeder, Jan-Christian"]
[Black "Nisipeanu, Liviu-Dieter"]
[Result "1/2-1/2"]
[WhiteTitle "GM"]
[BlackTitle "GM"]
[WhiteElo "2544"]
[BlackElo "2615"]
[WhiteTeam "SF Berlin"]
[BlackTeam "USV TU Dresden"]
[WhiteFideId "24662259"]
[BlackFideId "1202758"]
[EventDate "2022.10.22"]

1. d4 Nf6 2. c4 e6 3. Nc3 Bb4 4. Nf3 b6 5. Qb3 a5 6. g3 Bb7 7. Bg2 O-O 8. O-O
Bxc3 9. Qxc3 Be4 10. Bg5 h6 11. Bxf6 Qxf6 12. Rac1 d6 13. Rfd1 Nd7 14. Ne5 dxe5
15. dxe5 Nxe5 16. Bxe4 Rad8 17. c5 Ng4 18. Qxf6 Rxd1+ 19. Rxd1 Nxf6 20. Bc6 Rb8
21. b3 Kf8 22. e4 bxc5 23. e5 Nd5 24. Bxd5 exd5 25. Rxd5 a4 26. bxa4 Ra8 27.
Rxc5 Rxa4 28. Rc2 Ke7 29. f4 Ke6 30. Kg2 c5 31. Kf3 g5 32. Rxc5 gxf4 33. gxf4
Kf5 34. e6+ Kxe6 35. Re5+ Kf6 36. Re2 Kf5 37. Re5+ Kf6 38. Re2 Kf5 1/2-1/2

[Event "Bundesliga 2022-23"]
[Site "Dresden GER"]
[Date "2022.11.25"]
[Round "7.2"]
[Board "2"]
[White "Pechac, Jergus"]
[Black "Tomczak, Jacek"]
[Result "1/2-1/2"]
[WhiteTitle "GM"]
[BlackTitle "GM"]
[WhiteElo "2633"]
[BlackElo "2595"]
[WhiteTeam "USV TU Dresden"]
[BlackTeam "SF Berlin"]
[WhiteFideId "14926970"]
[BlackFideId "1124668"]
[EventDate "2022.10.22"]

1. d4 Nf6 2. c4 g6 3. Nc3 d5 4. Bg5 Ne4 5. Bh4 g5 6. Nxe4 dxe4 7. Bxg5 Bg7 8.
Qa4+ b5 9. Qxb5+ c6 10. Qb4 Na6 11. Qa3 c5 12. dxc5 O-O 13. Bd2 Qc7 14. Bc3 Qxc5
15. Bxg7 Qxa3 16. bxa3 Kxg7 17. Nh3 Rb8 18. Nf4 Rb2 19. Nd5 Nc5 20. Nxe7 Be6 21.
g4 Rfb8 22. Bh3 Bxc4 23. Nf5+ Kf6 24. Ng3 Rc2 25. O-O Rbb2 26. Bg2 Bxe2 27. Rfc1 1/2-1/2

[Event "Bundesliga 2022-23"]
[Site "Dresden GER"]
[Date "2022.11.25"]
[Round "7.2"]
[Board "3"]
[White "Kraemer, Martin"]
[Black "Gajewski, Grzegorz"]
[Result "1/2-1/2"]
[WhiteTitle "GM"]
[BlackTitle "GM"]
[WhiteElo "2579"]
[BlackElo "2589"]
[WhiteTeam "SF Berlin"]
[BlackTeam "USV TU Dresden"]
[WhiteFideId "4671910"]
[BlackFideId "1116207"]
[EventDate "2022.10.22"]

1. e4 c5 2. Nf3 d6 3. d4 cxd4 4. Nxd4 Nf6 5. Nc3 a6 6. Bg5 e6 7. f4 Qb6 8. Qd2
Qxb2 9. Rb1 Qa3 10. f5 Nc6 11. fxe6 Bxe6 12. Rxb7 Nxd4 13. Qxd4 Be7 14. Bc4 Rc8
15. Nd5 Bxd5 16. Bxd5 Nxd5 17. Qxd5 Qc3+ 18. Ke2 Qxc2+ 19. Bd2 Qc4+ 20. Kf3 Qxd5
21. exd5 Bf6 22. Rc1 O-O 23. Rc6 Be5 24. Bf4 Rce8 25. Rxa6 Bxf4 26. Kxf4 Re2 27.
Kf3 Rfe8 28. Rb8 Re3+ 29. Kf2 Re2+ 30. Kf3 Re3+ 1/2-1/2

[Event "Bundesliga 2022-23"]
[Site "Dresden GER"]
[Date "2022.11.25"]
[Round "7.2"]
[Board "4"]
[White "Michalik, Peter"]
[Black "Baldauf, Marco"]
[Result "1-0"]
[WhiteTitle "GM"]
[BlackTitle "GM"]
[WhiteElo "2558"]
[BlackElo "2506"]
[WhiteTeam "USV TU Dresden"]
[BlackTeam "SF Berlin"]
[WhiteFideId "14907526"]
[BlackFideId "4688210"]
[EventDate "2022.10.22"]

1. Nf3 d5 2. d4 Nf6 3. c4 e6 4. g3 dxc4 5. Bg2 Nc6 6. Qa4 Bb4+ 7. Bd2 Nd5 8.
Bxb4 Nxb4 9. Na3 Rb8 10. O-O O-O 11. Qb5 b6 12. Qxc4 Ba6 13. Nb5 Qd5 14. Qxd5
Nxd5 15. a4 Na5 16. Ne5 Rbd8 17. Nxa7 Nb3 18. Nac6 Bxe2 19. Bxd5 exd5 20. Rfe1
Nxa1 21. Nxd8 Rxd8 22. Rxe2 Ra8 23. Nc6 g6 24. Re5 Rxa4 25. Rxd5 Nc2 26. Rd7 Rc4
27. Rxc7 Kg7 28. d5 Nb4 29. Rxf7+ Kxf7 30. Ne5+ Kf6 31. Nxc4 Nxd5 32. Kf1 b5 33.
Na3 Nc7 34. Ke2 Ke5 35. Kd3 g5 36. Nb1 Ne6 37. Nc3 Nc5+ 38. Ke3 b4 39. Na2 b3
40. Nc1 Na4 41. Nd3+ Kd5 42. f4 gxf4+ 43. Nxf4+ Ke5 44. Nd3+ Kd5 45. g4 Nb6 46.
h4 h6 47. Kf4 Ke6 48. Ke4 Nc4 49. Kd4 Nd2 50. Kc3 Nf3 51. h5 Kd5 52. Kxb3 Kd4
53. Kc2 Nh2 54. g5 Ng4 55. gxh6 Nxh6 56. b4 Kc4 57. Kb2 Nf7 58. Ka3 1-0

[Event "Bundesliga 2022-23"]
[Site "Dresden GER"]
[Date "2022.11.25"]
[Round "7.2"]
[Board "5"]
[White "Blohberger, Felix"]
[Black "Vogel, Roven"]
[Result "1/2-1/2"]
[WhiteTitle "GM"]
[BlackTitle "IM"]
[WhiteElo "2493"]
[BlackElo "2463"]
[WhiteTeam "SF Berlin"]
[BlackTeam "USV TU Dresden"]
[WhiteFideId "1632051"]
[BlackFideId "12908088"]
[EventDate "2022.10.22"]

1. Nf3 d5 2. g3 b6 3. Bg2 Bb7 4. c4 dxc4 5. Na3 e6 6. Nxc4 Nd7 7. O-O Ngf6 8. d4
Be7 9. Bf4 O-O 10. Rc1 c5 11. dxc5 Nxc5 12. b4 Qxd1 13. Rfxd1 Nce4 14. a3 Nd5
15. Nd4 Nec3 16. Bxd5 Nxd5 17. Bd6 Rfd8 18. Bxe7 Nxe7 19. Nb5 Rxd1+ 20. Rxd1 Bc6
21. Nxa7 Be8 22. b5 Kf8 23. Nc6 Nxc6 24. bxc6 Bxc6 25. Nxb6 Rxa3 26. Nd7+ Ke7
27. Ne5 Bb5 28. Rb1 Ra5 29. Rc1 f6 1/2-1/2

[Event "Bundesliga 2022-23"]
[Site "Dresden GER"]
[Date "2022.11.25"]
[Round "7.2"]
[Board "6"]
[White "Maiwald, Jens-Uwe"]
[Black "Kaasen, Tor Fredrik"]
[Result "1/2-1/2"]
[WhiteTitle "GM"]
[BlackTitle "IM"]
[WhiteElo "2441"]
[BlackElo "2445"]
[WhiteTeam "USV TU Dresden"]
[BlackTeam "SF Berlin"]
[WhiteFideId "4612396"]
[BlackFideId "1516647"]
[EventDate "2022.10.22"]

1. e4 c5 2. Nc3 Nc6 3. Bb5 Nd4 4. Bc4 a6 5. Nf3 b5 6. Bd5 Rb8 7. Nxd4 cxd4 8.
Ne2 Nf6 9. Nxd4 e6 10. Bb3 Nxe4 11. O-O Nc5 12. c3 Nxb3 13. Nxb3 Bb7 14. Qh5 Qc7
15. d4 d6 16. Re1 Be7 17. Bf4 Qc6 18. f3 Qd5 19. Qxd5 Bxd5 20. Nc5 Rb6 21. Nd3
Bc4 22. Nb4 a5 23. Nc2 Bd3 24. Ne3 d5 25. Red1 Bg6 26. Bc7 Ra6 27. a4 b4 28. c4
dxc4 29. Rdc1 c3 30. bxc3 b3 31. Rcb1 Bxb1 32. Rxb1 O-O 33. Rxb3 Rc8 34. Bg3 Bf6
35. Kf1 Rac6 36. Be1 Bg5 37. Nd1 Bc1 38. Rb5 Ra8 39. Rb1 Bf4 40. Rb5 Kf8 41. Ke2
Bc7 42. Kd3 Rd8 43. Ne3 Rb6 44. Rc5 Bxh2 45. Rxa5 Bf4 46. Nc2 Bc7 47. Rc5 Rb7
48. c4 Ra8 49. a5 Rba7 50. a6 Bd6 51. Rh5 h6 52. c5 Bc7 53. Nb4 Ba5 54. d5 Bxb4
55. Bxb4 Rxa6 56. c6+ Ke8 57. Kc4 exd5+ 58. Kb5 Ra1 59. Re5+ Kd8 60. Kc5 R8a6
61. Kd6 Rc1 62. Bc5 d4 63. Re4 d3 64. Rb4 Kc8 65. Re4 Kd8 66. Rb4 Kc8 67. Re4
Kd8 1/2-1/2

[Event "Bundesliga 2022-23"]
[Site "Dresden GER"]
[Date "2022.11.25"]
[Round "7.2"]
[Board "7"]
[White "Schmidek, Emil"]
[Black "Boensch, Uwe"]
[Result "1-0"]
[WhiteTitle "IM"]
[BlackTitle "GM"]
[WhiteElo "2414"]
[BlackElo "2466"]
[WhiteTeam "SF Berlin"]
[BlackTeam "USV TU Dresden"]
[WhiteFideId "12908150"]
[BlackFideId "4611268"]
[EventDate "2022.10.22"]

1. d4 d5 2. c4 e6 3. Nc3 Nf6 4. cxd5 exd5 5. Bg5 c6 6. e3 Be7 7. Bd3 O-O 8. Qc2
Nbd7 9. Nf3 Re8 10. h3 Nf8 11. Bf4 Be6 12. O-O N6d7 13. Na4 Rc8 14. a3 a5 15. b3
b5 16. Nc5 Nxc5 17. dxc5 Bf6 18. Rac1 Ra8 19. Bd6 g6 20. Rfe1 b4 21. Nd4 Bd7 22.
Qd2 bxa3 23. Ra1 Be7 24. Bxe7 Qxe7 25. Qc3 Ne6 26. Nxe6 Bxe6 27. Rxa3 Qg5 28.
Kf1 Bf5 29. Bxf5 Qxf5 30. Rea1 d4 31. exd4 Qf4 32. Kg1 Re2 33. Rf1 Rb8 34. Rxa5
Qe4 35. Ra6 Rc2 36. Re1 Qf5 37. Qf3 Qxf3 38. gxf3 Rxb3 39. Rxc6 Rxf3 40. Rf1 Rd3
41. Rd6 Rc4 42. c6 Rdxd4 43. Rxd4 Rxd4 44. Rc1 Rd8 45. Kg2 Kg7 46. Kf3 Kf6 47.
c7 Rc8 48. Kf4 h6 49. Rc6+ Ke7 50. Ke5 Kd7 51. Rc3 Ke7 52. Rc4 f6+ 53. Kd5 Kd7
54. Rc6 Rxc7 55. Rxc7+ Kxc7 56. Ke6 g5 57. Kxf6 Kd6 58. Kg6 Ke5 59. Kxh6 Kf5 60.
Kg7 1-0

[Event "Bundesliga 2022-23"]
[Site "Dresden GER"]
[Date "2022.11.25"]
[Round "7.2"]
[Board "8"]
[White "Tischbierek, Raj"]
[Black "Morgunov, Marc"]
[Result "1/2-1/2"]
[WhiteTitle "GM"]
[BlackTitle "FM"]
[WhiteElo "2423"]
[BlackElo "2417"]
[WhiteTeam "USV TU Dresden"]
[BlackTeam "SF Berlin"]
[WhiteFideId "4611322"]
[BlackFideId "1640305"]
[EventDate "2022.10.22"]

1. e4 c5 2. Nf3 d6 3. d4 cxd4 4. Nxd4 Nf6 5. Nc3 Nc6 6. Be2 e5 7. Nf3 Be7 8. Bg5
Be6 9. Bxf6 Bxf6 10. O-O O-O 11. Nd5 Bxd5 12. Qxd5 Qd7 13. c3 Ne7 14. Qb3 Qc6
15. Nd2 Bg5 16. Bb5 Qc5 17. Nf3 Bh6 18. Rad1 g6 19. Bc4 b6 20. Qb5 Qxb5 21. Bxb5
Rad8 22. Rfe1 f5 23. exf5 Nxf5 24. Bc4+ Kg7 25. Bd5 Kf6 26. Rd3 Rfe8 27. g3 Ne7
28. h4 Nxd5 29. Rxd5 Ke7 30. c4 Rc8 31. Red1 Rf8 32. Nh2 Rfd8 33. b3 Rc5 34. Ng4
Rxd5 35. Rxd5 Bc1 36. Kf1 h5 37. Nh2 Rf8 38. Ke2 a6 39. Nf3 Ke6 40. a4 Bh6 41.
Ne1 g5 42. hxg5 Bxg5 43. Nd3 h4 44. Nb4 a5 45. Na2 hxg3 46. fxg3 Rh8 47. Nc3
Rh2+ 48. Kf3 Rb2 49. Rb5 Bd2 50. Ne4 Bb4 51. Rxb6 Rxb3+ 52. Ke2 Rb2+ 53. Kd3
Rb3+ 54. Ke2 Rb2+ 55. Kd3 1/2-1/2

[Event "Bundesliga 2022-23"]
[Site "Muelheim GER"]
[Date "2022.11.25"]
[Round "7.4"]
[Board "1"]
[White "Harikrishna, Pentala"]
[Black "Nguyen, Thai Dai Van"]
[Result "1/2-1/2"]
[WhiteTitle "GM"]
[BlackTitle "GM"]
[WhiteElo "2717"]
[BlackElo "2634"]
[WhiteTeam "SG Solingen"]
[BlackTeam "SV Muelheim Nord"]
[WhiteFideId "5007003"]
[BlackFideId "358878"]
[EventDate "2022.10.22"]

1. Nf3 d5 2. g3 c5 3. Bg2 Nc6 4. d4 e6 5. O-O Nf6 6. b3 Be7 7. Bb2 O-O 8. Nbd2
Bd7 9. c4 cxd4 10. Nxd4 Nxd4 11. Bxd4 Bc6 12. Rc1 Rc8 13. a4 a6 14. cxd5 Bxd5
15. Rxc8 Qxc8 16. Bxf6 Bxf6 17. Bxd5 exd5 18. Nf3 Qe6 19. Qd2 d4 20. Rb1 h6 21.
b4 Rc8 22. Nxd4 Bxd4 1/2-1/2

[Event "Bundesliga 2022-23"]
[Site "Muelheim GER"]
[Date "2022.11.25"]
[Round "7.4"]
[Board "2"]
[White "Moiseenko, Alexander"]
[Black "Ragger, Markus"]
[Result "1/2-1/2"]
[WhiteTitle "GM"]
[BlackTitle "GM"]
[WhiteElo "2582"]
[BlackElo "2632"]
[WhiteTeam "SV Muelheim Nord"]
[BlackTeam "SG Solingen"]
[WhiteFideId "14102560"]
[BlackFideId "1610856"]
[EventDate "2022.10.22"]

1. d4 Nf6 2. c4 g6 3. Nc3 d5 4. cxd5 Nxd5 5. e4 Nxc3 6. bxc3 Bg7 7. Nf3 c5 8.
Bb5+ Nc6 9. O-O O-O 10. Bxc6 bxc6 11. Qc2 Qa5 12. a4 cxd4 13. cxd4 Bg4 14. Ne5
Bxe5 15. dxe5 Qxe5 16. Bb2 Qa5 17. f4 Rfd8 18. Rf2 Rab8 19. f5 gxf5 20. h3 Bh5
21. exf5 f6 22. Qxc6 Qd5 23. Qc7 Qe4 24. Kh2 Qe3 25. Raf1 1/2-1/2

[Event "Bundesliga 2022-23"]
[Site "Muelheim GER"]
[Date "2022.11.25"]
[Round "7.4"]
[Board "3"]
[White "Tari, Aryan"]
[Black "Neiksans, Arturs"]
[Result "1/2-1/2"]
[WhiteTitle "GM"]
[BlackTitle "GM"]
[WhiteElo "2656"]
[BlackElo "2594"]
[WhiteTeam "SG Solingen"]
[BlackTeam "SV Muelheim Nord"]
[WhiteFideId "1510045"]
[BlackFideId "11601388"]
[EventDate "2022.10.22"]

1. e4 c5 2. Nf3 e6 3. d4 cxd4 4. Nxd4 a6 5. a3 Qc7 6. c4 Nf6 7. Nc3 b6 8. f4 Bb7
9. Bd3 Nc6 10. Nxc6 Qxc6 11. Qe2 Bc5 12. Be3 Bxe3 13. Qxe3 O-O 14. O-O-O b5 15.
cxb5 axb5 16. Bxb5 Qc7 17. Kb1 Rfb8 18. a4 Bc6 19. e5 Bxb5 20. Nxb5 Qa5 21. Rd4
Nd5 22. Qa3 Nb6 23. Nc3 Qa6 24. Qd6 Qc8 25. Nb5 Nxa4 26. Rc1 Qb7 27. Rb4 h6 28.
Rc2 Nb6 29. Nc7 Ra4 30. Qd4 Ra5 31. Rc5 Qa7 32. Rxa5 Qxa5 33. Rb5 Qa7 34. Qc5
Qb7 35. Ka1 Qa7+ 36. Kb1 Qb7 37. Ka1 Qa7+ 38. Kb1 1/2-1/2

[Event "Bundesliga 2022-23"]
[Site "Muelheim GER"]
[Date "2022.11.25"]
[Round "7.4"]
[Board "4"]
[White "Beerdsen, Thomas"]
[Black "L'Ami, Erwin"]
[Result "0-1"]
[WhiteTitle "IM"]
[BlackTitle "GM"]
[WhiteElo "2521"]
[BlackElo "2617"]
[WhiteTeam "SV Muelheim Nord"]
[BlackTeam "SG Solingen"]
[WhiteFideId "1030108"]
[BlackFideId "1007998"]
[EventDate "2022.10.22"]

1. e4 e5 2. Nf3 Nc6 3. Nc3 Nf6 4. d4 exd4 5. Nxd4 Bb4 6. Nxc6 bxc6 7. Bd3 d5 8.
exd5 cxd5 9. O-O O-O 10. h3 c6 11. Qf3 Bd6 12. Bf4 Bxf4 13. Qxf4 Be6 14. Ne2 Qb8
15. b4 a5 16. a3 Qxf4 17. Nxf4 Rfb8 18. c3 Kf8 19. Rfe1 Bc8 20. Ne2 Ba6 21. Bxa6
Rxa6 22. Nd4 g6 23. Rab1 Ne8 24. bxa5 Rxb1 25. Rxb1 c5 26. Nc2 Rxa5 27. Rb7 Nf6
28. f3 Ra4 29. Rb6 Kg7 30. Rd6 Rc4 31. Ne3 Rxc3 32. Nxd5 Rc1+ 33. Kh2 Nxd5 34.
Rxd5 Kf6 35. Rd7 c4 36. Kg3 Ke6 37. Rd4 Ke5 38. Rd7 Ra1 39. Rxf7 c3 40. Rc7 Kd4
41. Kf4 Kd3 42. Rd7+ Ke2 43. Re7+ Kf2 44. Rc7 Rxa3 45. g4 Ke2 46. Kg5 Kd2 47.
Rd7+ Ke3 48. Rc7 Ra5+ 49. Kh6 Kd4 50. g5 Rc5 51. Rd7+ Ke3 52. Rd1 c2 53. Rc1 Kd2
54. Ra1 Rc7 55. h4 Rf7 56. h5 gxh5 57. Kxh5 Rxf3 0-1

[Event "Bundesliga 2022-23"]
[Site "Muelheim GER"]
[Date "2022.11.25"]
[Round "7.4"]
[Board "5"]
[White "Andersen, Mads"]
[Black "Zelbel, Patrick"]
[Result "1-0"]
[WhiteTitle "GM"]
[BlackTitle "IM"]
[WhiteElo "2604"]
[BlackElo "2456"]
[WhiteTeam "SG Solingen"]
[BlackTeam "SV Muelheim Nord"]
[WhiteFideId "1413864"]
[BlackFideId "24624322"]
[EventDate "2022.10.22"]

1. e4 c5 2. Nf3 e6 3. c3 Nf6 4. e5 Nd5 5. d4 cxd4 6. cxd4 d6 7. Bc4 Be7 8. O-O
O-O 9. Qe2 b6 10. Rd1 Bb7 11. Bxd5 exd5 12. Nc3 Na6 13. e6 Nc7 14. exf7+ Rxf7
15. Re1 Bc8 16. h3 h6 17. Nh2 Qf8 18. Be3 Bd7 19. Rac1 Re8 20. Qh5 Rf5 21. Qg4
Bc8 22. Ne2 h5 23. Qg6 Bh4 24. Rxc7 Rxe3 25. fxe3 Bf2+ 26. Kh1 Bxe1 27. Nf4 h4
28. Ng4 Kh8 29. Nh6 Rf6 30. Nf7+ Kg8 31. Nh6+ Kh8 32. Rf7 Rxf7 33. Nxf7+ Kg8 34.
Nh6+ Kh8 35. Nf7+ Kg8 36. Nh6+ Kh8 37. Qh5 Kh7 38. Nf5+ Kg8 39. Ng6 1-0

[Event "Bundesliga 2022-23"]
[Site "Muelheim GER"]
[Date "2022.11.25"]
[Round "7.4"]
[Board "6"]
[White "Hausrath, Daniel"]
[Black "Van Wely, Loek"]
[Result "0-1"]
[WhiteTitle "GM"]
[BlackTitle "GM"]
[WhiteElo "2465"]
[BlackElo "2629"]
[WhiteTeam "SV Muelheim Nord"]
[BlackTeam "SG Solingen"]
[WhiteFideId "4617495"]
[BlackFideId "1000268"]
[EventDate "2022.10.22"]

1. Nf3 d5 2. g3 Bg4 3. Bg2 e6 4. d4 Nf6 5. O-O Be7 6. Nbd2 O-O 7. Re1 c5 8. Ne5
Bh5 9. dxc5 Bxc5 10. Nd3 Bb6 11. c4 Nc6 12. c5 Bc7 13. b4 e5 14. b5 Nd4 15. Bb2
Nxb5 16. Nxe5 Ba5 17. Qc2 Rc8 18. a4 Nc7 19. Rec1 Ne6 20. Nb3 Nxc5 21. Nxc5 b6
22. Ned3 bxc5 23. Nf4 Bg6 24. Nxg6 hxg6 25. Rd1 d4 26. e3 Qb6 27. Rab1 dxe3 28.
fxe3 Qe6 29. Bxf6 Qxe3+ 30. Qf2 Qxf2+ 31. Kxf2 gxf6 32. Rb5 Bc7 33. Bb7 Rcd8 34.
Rxd8 Rxd8 35. Kf3 Rd2 36. Rxc5 Bb6 37. Rc8+ Kg7 38. g4 Rxh2 39. Be4 Rf2+ 40. Kg3
Ra2 41. Rc4 Rd2 42. Kf3 Rf2+ 43. Kg3 Re2 44. Kf3 Re3+ 45. Kg2 a5 46. Bf3 Ra3 47.
Be4 Ba7 48. Bc2 Bb8 49. Bd1 Rd3 50. Bc2 Rd2+ 51. Kf3 Bd6 52. Be4 Kh6 53. Ke3 Rd1
54. Ke2 Rg1 55. Bd5 Kg7 56. Kf2 Rd1 57. Be4 Be5 58. Ke2 Ra1 59. Bc2 Ra2 60. Kf3
Kh6 61. Rc5 Kg5 62. Bd1 Ra1 63. Rd5 Kh4 64. Rd7 Rc1 65. Kg2 Kg5 66. Kf3 Rc4 67.
Ke3 Rc1 68. Kf3 Rb1 69. Rd5 Ra1 70. Rd7 Kh4 71. Kg2 Rc1 72. Kf3 Rc4 73. Kg2 Kg5
74. Rd5 Rd4 75. Rxd4 Bxd4 76. Kf3 f5 77. Bb3 fxg4+ 78. Ke4 g3 79. Kf3 f5 80.
Kxg3 Kf6 0-1

[Event "Bundesliga 2022-23"]
[Site "Muelheim GER"]
[Date "2022.11.25"]
[Round "7.4"]
[Board "7"]
[White "Nikolic, Predrag"]
[Black "Feygin, Michael"]
[Result "0-1"]
[WhiteTitle "GM"]
[BlackTitle "GM"]
[WhiteElo "2536"]
[BlackElo "2454"]
[WhiteTeam "SG Solingen"]
[BlackTeam "SV Muelheim Nord"]
[WhiteFideId "14400014"]
[BlackFideId "14103109"]
[EventDate "2022.10.22"]

1. d4 e6 2. c4 Nf6 3. Nf3 c5 4. d5 exd5 5. cxd5 d6 6. Nc3 g6 7. g3 Bg7 8. Bg2
O-O 9. O-O a6 10. a4 Nbd7 11. Bf4 Qe7 12. Re1 Nh5 13. Bg5 f6 14. Bd2 f5 15. Ng5
Ndf6 16. Qb3 Bh6 17. Rad1 Bxg5 18. Bxg5 Qe5 19. Bh6 Re8 20. h3 f4 21. e3 f3 22.
Bxf3 Bxh3 23. Qc4 Qf5 24. Bf4 Bg4 25. e4 Qd7 26. Bxg4 Nxg4 27. Be3 Ne5 28. Qe2
Qh3 29. Bc1 Rf8 30. Rd3 Rxf2 31. Kxf2 Qh2+ 32. Kf1 Qh1+ 33. Kf2 Qh2+ 34. Kf1
Rf8+ 35. Bf4 Qh1+ 36. Kf2 Qh2+ 37. Kf1 Nxg3+ 0-1

[Event "Bundesliga 2022-23"]
[Site "Muelheim GER"]
[Date "2022.11.25"]
[Round "7.4"]
[Board "8"]
[White "Saltaev, Mihail"]
[Black "Naumann, Alexander"]
[Result "1/2-1/2"]
[WhiteTitle "GM"]
[BlackTitle "GM"]
[WhiteElo "2469"]
[BlackElo "2513"]
[WhiteTeam "SV Muelheim Nord"]
[BlackTeam "SG Solingen"]
[WhiteFideId "14200058"]
[BlackFideId "4623169"]
[EventDate "2022.10.22"]

1. e4 e5 2. Nf3 Nc6 3. Bb5 a6 4. Ba4 Nf6 5. d3 b5 6. Bb3 Bc5 7. Nc3 d6 8. Nd5 h6
9. Nxf6+ Qxf6 10. Bd5 Bd7 11. Be3 O-O 12. O-O Rad8 13. Bxc6 Bxc6 14. Qe1 Bxe3
15. fxe3 Bd7 16. Qa5 c5 17. Rf2 Ra8 18. Raf1 Qd8 19. Qe1 Qe7 20. Qa5 Qd8 21. Qe1
Qe7 22. Qa5 1/2-1/2

[Event "Bundesliga 2022-23"]
[Site "Bremen GER"]
[Date "2022.11.25"]
[Round "7.5"]
[Board "1"]
[White "Ivic, Velimir"]
[Black "McShane, Luke J"]
[Result "1-0"]
[WhiteTitle "GM"]
[BlackTitle "GM"]
[WhiteElo "2553"]
[BlackElo "2653"]
[WhiteTeam "SK Kirchweyhe"]
[BlackTeam "SV Werder Bremen"]
[WhiteFideId "950122"]
[BlackFideId "404853"]
[EventDate "2022.10.22"]

1. d4 Nf6 2. c4 e6 3. Nf3 Bb4+ 4. Nbd2 O-O 5. a3 Be7 6. e4 d6 7. Be2 Nfd7 8. b4
e5 9. d5 a5 10. Bb2 axb4 11. axb4 Rxa1 12. Qxa1 c5 13. b5 Nb6 14. Qa7 Qc7 15. h3
f5 16. O-O fxe4 17. Nxe4 Bf5 18. Nfd2 N8d7 19. Qa3 Qd8 20. Qe3 Bg6 21. f4 exf4
22. Rxf4 Rxf4 23. Qxf4 Qf8 24. Qg3 Kh8 25. h4 Nf6 26. Ng5 Nbd7 27. Ne6 Qf7 28.
Qe3 Nf8 29. g4 h6 30. h5 Bh7 31. g5 hxg5 32. Nxg5 Qe8 33. h6 N8d7 34. hxg7+ Kxg7
35. Nxh7 Kxh7 36. Bd3+ Kg7 37. Qg5+ Kf8 38. Qh6+ Kg8 39. Bh7+ 1-0

[Event "Bundesliga 2022-23"]
[Site "Bremen GER"]
[Date "2022.11.25"]
[Round "7.5"]
[Board "2"]
[White "Areshchenko, Alexander"]
[Black "Brkic, Ante"]
[Result "1/2-1/2"]
[WhiteTitle "GM"]
[BlackTitle "GM"]
[WhiteElo "2632"]
[BlackElo "2602"]
[WhiteTeam "SV Werder Bremen"]
[BlackTeam "SK Kirchweyhe"]
[WhiteFideId "14109530"]
[BlackFideId "14506688"]
[EventDate "2022.10.22"]

1. e4 c5 2. Nf3 d6 3. d4 cxd4 4. Nxd4 Nf6 5. Nc3 a6 6. Be2 e5 7. Nb3 Be7 8. O-O
O-O 9. Be3 Be6 10. Re1 Nbd7 11. a4 Qc7 12. a5 Rfc8 13. Qd3 h6 14. Rec1 Nc5 15.
Nxc5 dxc5 16. Qd1 c4 17. Na4 Nxe4 18. Nb6 Rd8 19. Qf1 Rab8 20. Bxc4 Bxc4 21.
Qxc4 1/2-1/2

[Event "Bundesliga 2022-23"]
[Site "Bremen GER"]
[Date "2022.11.25"]
[Round "7.5"]
[Board "3"]
[White "Markus, Robert"]
[Black "Efimenko, Zahar"]
[Result "1/2-1/2"]
[WhiteTitle "GM"]
[BlackTitle "GM"]
[WhiteElo "2615"]
[BlackElo "2599"]
[WhiteTeam "SK Kirchweyhe"]
[BlackTeam "SV Werder Bremen"]
[WhiteFideId "921637"]
[BlackFideId "14107201"]
[EventDate "2022.10.22"]

1. d4 Nf6 2. c4 e6 3. Nf3 d5 4. g3 dxc4 5. Bg2 c5 6. O-O Nc6 7. Qa4 Bd7 8. Qxc4
cxd4 9. Nxd4 Rc8 10. Nc3 Nxd4 11. Qxd4 Bc5 12. Qf4 Qb6 13. Na4 Bxa4 14. Qxa4+
Ke7 15. e3 Rhd8 16. b3 Bb4 17. Ba3 a5 18. Bxb4+ axb4 19. a3 bxa3 20. Qxa3+ Ke8
21. Rfd1 h6 22. h3 Qb5 23. Rxd8+ Rxd8 24. Rc1 Nd5 25. Bxd5 Qxd5 26. Rc7 Rd7 27.
Rc8+ Rd8 28. Rc7 Rd7 29. Rc8+ 1/2-1/2

[Event "Bundesliga 2022-23"]
[Site "Bremen GER"]
[Date "2022.11.25"]
[Round "7.5"]
[Board "4"]
[White "Edouard, Romain"]
[Black "Stevic, Hrvoje"]
[Result "0-1"]
[WhiteTitle "GM"]
[BlackTitle "GM"]
[WhiteElo "2554"]
[BlackElo "2565"]
[WhiteTeam "SV Werder Bremen"]
[BlackTeam "SK Kirchweyhe"]
[WhiteFideId "633429"]
[BlackFideId "14502569"]
[EventDate "2022.10.22"]

1. d4 d5 2. c4 dxc4 3. e4 e5 4. Nf3 Bb4+ 5. Nc3 Nf6 6. Bxc4 exd4 7. Nxd4 O-O 8.
f3 Qe7 9. Qe2 Rd8 10. Be3 c5 11. Nc2 Bxc3+ 12. bxc3 Nc6 13. O-O Ne5 14. Bb3 b6
15. c4 Be6 16. Bc1 Nd3 17. e5 Bf5 18. f4 Ne4 19. Ne3 Nc3 20. Qc2 Nxc1 21. Nxf5
N1e2+ 22. Kh1 Qe6 23. Rae1 a5 24. a4 b5 25. cxb5 c4 26. Ba2 Nxa2 27. Rxe2 Nb4
28. Qe4 c3 29. Nd6 Qd5 30. b6 Rab8 31. b7 Qxe4 32. Rxe4 c2 33. Rc4 f6 34. Rc8
Rdxc8 35. bxc8=Q+ Rxc8 36. Nxc8 Nd3 37. exf6 Nf2+ 38. Kg1 Nd1 39. Ne7+ Kf7 40.
fxg7 Kxg7 41. Nf5+ Kf7 42. Ne3 c1=Q 43. Nxd1 Qa3 44. Rf3 Qc1 45. Rf1 Qa1 46. g3
Qxa4 47. Nb2 Qe4 48. f5 h5 49. Rf2 h4 50. gxh4 Kf6 51. h5 a4 52. Nxa4 Qxa4 53.
h6 Qg4+ 54. Kf1 Qh3+ 55. Kg1 Qxh6 56. Kh1 Qc1+ 57. Kg2 Qc6+ 58. Kg1 Qd5 59. Rf1
Kg5 60. f6 Kg4 61. Kf2 Qd2+ 62. Kg1 Qd4+ 63. Kg2 Qe4+ 64. Kf2 Kh3 65. f7 Qe7 66.
Kg1 Qe2 67. Rf2 Qg4+ 0-1